00451nam a22001577a 450000500170000001000150001702000260003203500140005803700130007208200120008510000210009724500610011826000420017927000520022130000200027320190708160342.0 aENG-125852 a9789386473585c750.00 aEN-109384 bDBAD/PUB a320.954 aGoradia, Prafull aThe paradoxes of Indial's politics /cby Prafull Goradia aNew DelhibVistasta Publishing c2019 a2/15, Ansari Road, DaryaganjbNew Delhie110002 a214p.c22cm(Hb)